Bytový dom

Guardado en:
Detalles Bibliográficos
Autor principal: Brisuda, Patrik (Autor)
Otros Autores: Pavčeková, Monika (Orientador)
Formato: Manuscrito Libro
Lenguaje:eslovaco
Publicado: 2018
Materias:
Acceso en línea:http://is.stuba.sk/zp/portal_zp.pl?podrobnosti=108162
https://opac.crzp.sk/?fn=detailBiblioForm&sid=DF52132090966663147BEBF290DD
Etiquetas: Agregar Etiqueta
Sin Etiquetas, Sea el primero en etiquetar este registro!

MARC

LEADER 00000ntm a22000003a 4500
001 stuzp62926
003 SK-STU
005 20230808145747.5
007 ta
008 150427s2015----xo-----f-mn---000-0-slo-d
040 |a STU  |b slo 
041 0 |a slo 
100 1 |a Brisuda, Patrik  |u 010180  |4 aut  |U SvF Stavebná fakulta  |T SvF Katedra konštrukcií pozemných stavieb  |X 62889  |U V180  |Y 18  |7 62889 
242 0 1 |a The apartment house  |y eng 
245 1 0 |a Bytový dom 
260 |c 2018 
650 4 |a Projekt na realizáciu  |2 slo 
650 4 |a Bytový dom  |2 slo 
650 4 |a Ytong  |2 slo 
650 4 |a STN  |2 eng 
650 4 |a Ytong  |2 eng 
650 4 |a The apartment house  |2 eng 
700 1 |a Pavčeková, Monika  |u 010180  |k Z1  |4 ths  |U SvF Stavebná fakulta  |T SvF Katedra konštrukcií pozemných stavieb  |X 10271  |U V180  |Y 18  |7 A000010271 
856 4 |u http://is.stuba.sk/zp/portal_zp.pl?podrobnosti=108162 
856 4 |u https://opac.crzp.sk/?fn=detailBiblioForm&sid=DF52132090966663147BEBF290DD